| 000 | 00932nam a22002537a 4500 | ||
|---|---|---|---|
| 999 |
_c14399 _d14399 |
||
| 003 | EG-ScBUE | ||
| 005 | 20210124112744.0 | ||
| 008 | 100706t1987 ua f 000 f ara d | ||
| 040 |
_aEG-ScBUE _bara _erda _cEG-ScBUE _dEG-ScBUE |
||
| 082 | 0 | 4 |
_a892.736 _bش ر ق _222 |
| 100 | 1 |
_915963 _aالشرقاوي، بكر _eمؤلف. |
|
| 245 | 1 | 0 |
_aوقائع ما حدث في يوم القيامة بمصر : _bرواية / _cبكر الشرقاوي. |
| 250 | _aالطبعة الأولى. | ||
| 264 | 1 |
_aالقاهرة : _bمكتبة مدبولي، _c1987. |
|
| 300 |
_a351 صفحة ؛ _c24 سم |
||
| 336 |
_2rdacontent _aنص _btxt |
||
| 337 |
_2rdamedia _aبدون وسيط _bn |
||
| 338 |
_2rdacarrier _aمجلد _bnc |
||
| 541 |
_aألف باء ؛ _cشراء ؛ |
||
| 650 | 7 |
_916193 _aالقصص العربية _zمصر _yقرن 21. _2BUEsh |
|
| 653 |
_bARALIT _cJanuary2021 |
||
| 655 |
_vReading book _934232 |
||
| 942 |
_2ddc _cBB |
||